000 00341nam a2200133Ia 4500
008 231129s9999||||xx |||||||||||||| ||spa||
020 _a950-04-0205-X
040 _bspa
082 _aA863 B732f
100 _aBorges Jorge Luis
245 0 _aFicciones
264 _aEmecé Editores
942 _2ddc
_cBKS
999 _c13921
_d13921